00696nam a2200241 a 4500001001300000003000900013005001700022008004100039020001000080082001300090100001600103245004600119260004200165300000800207500003500215505002500250650001900275700001600294902000800310942000700318952011400325999001500439nice12345678IN_TiNIC20260116012653.0050524s1982 cana grp 000 0 eng  ac10000a270bHOR aHorton, A E aChurch Ageb an Outline of Church History aCanadabEvery Day Publications c1982 a48p aincludes index and biblioraphy2 aBibliograpphy, Index aChurch-History1 aHorton, A E bSRS cBK 001040708StackRoom-aHMIbHMId2007-07-17g100.00l0o270 HORp010530r2007-07-17v100.00w2005-05-24yBK c7879d7879